000 00432nam a2200181Ia 4500
001 4209
005 20260306145739.0
008 260306t2001||||xx |||||||||||||| ||spa||
041 _aESP
082 _a320.01
_bG366 T. 1
100 _aGoodin, Robert E.
_eAUT
245 0 _aNuevo manual de ciencia política
260 _c2001
300 _a571 páginas :
_c18 cm.
650 _aGEN
654 _aCDE
942 _cLIB
_dJUS
_fJUS
_2ddc
_n
999 _c4209
_d4209